For a safer tomorrow : protecting civilians in a multipolar world /

Bibliographic Details
Main Author: Cairns, Edmund
Corporate Author: Oxfam
Other Authors: Smith, Jacqueline, 1961-
Format: Book
Language:English
Published: Oxford : Oxfam International, 2008.
Subjects:

MARC

Tag First Indicator Second Indicator Subfields
LEADER 00000cam a2200000Ia 4500
001 in00002492004
005 20151110061552.0
008 080517s2008 enkab b 001 0 eng d
020 |a 9780855986308 
020 |a 0855986301 
029 1 |a AU@  |b 000043733464 
035 |a (OCoLC)ocn228374343 
035 |a (OCoLC)228374343 
040 |a BTCTA  |c BTCTA  |d YDXCP  |d BWK  |d BWX  |d OCLCQ  |d SUC  |d FDA  |d UtOrBLW 
049 |a TXAM 
050 4 |a UA926  |b .C35 2008 
100 1 |a Cairns, Edmund. 
245 1 0 |a For a safer tomorrow :  |b protecting civilians in a multipolar world /  |c [report written by Edmund Cairns ; edited by Jacqueline Smith]. 
264 1 |a Oxford :  |b Oxfam International,  |c 2008. 
300 |a 148 pages :  |b illustrations (chiefly color), color maps ;  |c 25 cm. 
336 |a text  |b txt  |2 rdacontent 
337 |a unmediated  |b n  |2 rdamedia 
338 |a volume  |b nc  |2 rdacarrier 
500 |a Cover title. 
500 |a Statement of responsibility from page [2] of cover. 
504 |a Includes bibliographical references (pages 134-144) and index. 
650 0 |a Civil defense. 
650 0 |a War and society. 
700 1 |a Smith, Jacqueline,  |d 1961- 
710 2 |a Oxfam. 
938 |a Baker and Taylor  |b BTCP  |n BK0007805524 
938 |a Baker & Taylor  |b BKTY  |c 12.75  |d 12.75  |i 0855986301  |n 0007805524  |s active 
938 |a YBP Library Services  |b YANK  |n 2826875 
938 |a Blackwell Book Service UK  |b BBUK  |n L3798228  |c 12.95 
938 |a Blackwell Book Service  |b BBUS  |n R0740033  |c $12.75 
945 |a PromptCat  |b 613496 
946 |a stk 
947 |a A14837442997 
994 |a 92  |b TXA 
948 |a cataloged  |b h  |d 2009/2/5  |h c  |e asalazar  |f 11:37:23 am 
999 |a MARS 
999 f f |s 7b231023-09bd-3731-9771-b8bb6d17c52b  |i a4d9c818-d143-30cb-b6e0-2908699151ae  |t 0 
952 f f |p ric  |a Texas A&M University  |b Rellis Campus  |c Joint Library Facility  |d Remote Storage  |t 0  |e UA926 .C35 2008  |h Library of Congress classification  |i unmediated -- volume  |m A14837442997 
998 f f |a UA926 .C35 2008  |t 0  |l Remote Storage